000 00773cab a2200241 4500
001 WB2742-20
008 090401t1991 xxu||||| |||| 00| 0 eng d
035 _a(Sirsi) u27529
041 _aeng
245 _aProducts directive sparks alarm
260 _c1991
350 _a0
490 _aContract Journal
_v360 (5848) 31 October 1991, 3(1)
520 _aHighlights UK contractors concern over whether they will be liable for defective building materials under the EC`s Construction Products Directive. Seeking clarification from DoE.
650 _aDIRECTIVE 89/106/EEC
650 _aDEFECTIVE MATERIALS
650 _aEC DIRECTIVES
650 _aEC LAW
690 _aBUILT ENVIRONMENT
690 _aEUROPE-SINGLE MARKET
942 _n0
948 _c04/03/1997
999 _c18532
_d18532